Statistics for Countries of North and South America

Click here to take the quiz!

General Stats

  • This quiz has been taken 665 times
  • The average score is 30 of 35

Answer Stats

HintAnswer% Correct
Canada
97%
United States
97%
Argentina
96%
Chile
94%
Mexico
94%
Paraguay
93%
Brazil
92%
Uruguay
90%
Colombia
89%
Cuba
89%
Haiti
89%
Peru
89%
Venezuela
89%
Ecuador
88%
Panama
88%
Dominica
87%
Jamaica
87%
Suriname
87%
Bahamas
86%
Bolivia
86%
Costa Rica
86%
El Salvador
85%
Guyana
85%
Honduras
85%
Belize
84%
Guatemala
84%
Nicaragua
83%
Barbados
82%
Antigua and Barbuda
80%
Dominican Republic
78%
Saint Lucia
77%
Trinidad and Tobago
77%
Saint Kitts and Nevis
75%
Saint Vincent and the Grenadines
73%
Grenada
67%

Score Distribution

Percentile by Number Answered

Percent of People with Each Score

Your Score History

You have not taken this quiz